01441nam a22003017a 4500003000400000008004100004020001800045082001500063100002400078245008200102260003100184300001700215650002400232650002000256650001700276650002100293650002000314650002600334650001900360700002000379942001200399999001700411952014300428952014200571952014200713952014200855952014200997OSt260228b2026 |||||||| |||| 00| 0 eng d a9789373322421 bTUD-Ha174 aTudu, Preshita Neha aHuman values and professional ethics /cPreshita Neha Tudu and Vaibhav Mishra aNew Delhi :bWiley,c2026. axx, 227 p. ; aProfessional ehtics aBusiness ethics aHuman Values aMoral Philosophy aApplied etihics aSocial responsibility aCode of ethics aMishra, Vaibhav 2ddccBK c21510d21510 00102ddc4070aSOBDbSOBDd2026-02-17eAll India Book housefINRg499.00o174 TUD-H1p008133r2026-02-28t1w2026-02-17yREFkNA/IN/1928 00102ddc4070aSOBDbSOBDd2026-02-17eAll India Book housefINRg499.00o174 TUD-H2p008134r2026-02-28t2w2026-02-17yBKkNA/IN/1928 00102ddc4070aSOBDbSOBDd2026-02-17eAll India Book housefINRg499.00o174 TUD-H3p008135r2026-02-28t3w2026-02-17yBKkNA/IN/1928 00102ddc4070aSOBDbSOBDd2026-02-17eAll India Book housefINRg499.00o174 TUD-H4p008136r2026-02-28t4w2026-02-17yBKkNA/IN/1928 00102ddc4070aSOBDbSOBDd2026-02-17eAll India Book housefINRg499.00o174 TUD-H5p008137r2026-02-28t5w2026-02-17yBKkNA/IN/1928